Landlord and Tenant (Notice of Rent) (England) Regulations 2004 (Record no. 112298)
[ view plain ]
| 000 -LEADER | |
|---|---|
| fixed length control field | 01136cad a22002295a 4500 |
| 001 - CONTROL NUMBER | |
| control field | L152959 |
| 008 - FIXED-LENGTH DATA ELEMENTS--GENERAL INFORMATION | |
| fixed length control field | 110518s2004 xxk f 000 0 eng d |
| 035 ## - SYSTEM CONTROL NUMBER | |
| System control number | (Sirsi) u152959 |
| 041 0# - LANGUAGE CODE | |
| Language code of text/sound track or separate title | eng |
| 050 04 - LIBRARY OF CONGRESS CALL NUMBER | |
| Classification number | 346.41043461218 |
| 110 2# - MAIN ENTRY--CORPORATE NAME | |
| Corporate name or jurisdiction name as entry element | United Kingdom |
| Form subheading | Laws, etc |
| 9 (RLIN) | 5044 |
| 245 00 - TITLE STATEMENT | |
| Title | Landlord and Tenant (Notice of Rent) (England) Regulations 2004 |
| Medium | [electronic resource] |
| 260 ## - PUBLICATION, DISTRIBUTION, ETC. | |
| Place of publication, distribution, etc. | London |
| Name of publisher, distributor, etc. | TSO |
| Date of publication, distribution, etc. | 2004 |
| 490 #0 - SERIES STATEMENT | |
| Series statement | SI |
| Volume/sequential designation | 2004: 3096 |
| 520 ## - SUMMARY, ETC. | |
| Summary, etc. | Sets out prescribed form and content of notices requiring payment and ground rent in accordance with Commonhold and Leasehold Reform Act 1002 s166(1) and (2). Correction notice issued April 2011 amends paragraph 3 relating to forfeiture action for non-payment. |
| 650 24 - SUBJECT ADDED ENTRY--TOPICAL TERM | |
| Topical term or geographic name entry element | COMMONHOLD AND LEASEHOLD REFORM ACT 2002 S166(1) |
| 650 24 - SUBJECT ADDED ENTRY--TOPICAL TERM | |
| Topical term or geographic name entry element | COMMONHOLD AND LEASEHOLD REFORM ACT 2002 S166(2) |
| 651 #4 - SUBJECT ADDED ENTRY--GEOGRAPHIC NAME | |
| Geographic name | England |
| Chronological subdivision | 886- |
| 690 ## - LOCAL SUBJECT ADDED ENTRY--TOPICAL TERM (OCLC, RLIN) | |
| Topical term or geographic name as entry element | PROPERTY-RESIDENTIAL PROPERTY-RESIDENTIAL PROPERTY TENURE-LEASEHOLD RESIDENTIAL PROPERTY |
| 856 40 - ELECTRONIC LOCATION AND ACCESS | |
| Uniform Resource Identifier | <a href="https://www.legislation.gov.uk/uksi/2004/3096/pdfs/uksi_20043096_en.pdf">https://www.legislation.gov.uk/uksi/2004/3096/pdfs/uksi_20043096_en.pdf</a> |
| Public note | View this item free of charge at www.legislation.gov.uk |
| 942 ## - ADDED ENTRY ELEMENTS (KOHA) | |
| Suppress in OPAC | 0 |
| Withdrawn status | Lost status | Source of classification or shelving scheme | Damaged status | Not for loan | Home library | Current library | Shelving location | Date acquired | Total Checkouts | Full call number | Barcode | Date last seen | Copy number | Price effective from | Koha item type |
|---|---|---|---|---|---|---|---|---|---|---|---|---|---|---|---|
| Dewey Decimal Classification | Virtual | Virtual | Online | 18/05/2011 | ONLINE PUBLICATION | 152959-2001 | 06/08/2019 | 1 | 06/08/2019 | Book |